000 00269nam a2200109Ia 4500
008 240625s9999 xx 000 0 und d
041 _aeng
082 _a658.8 LOV
100 _aLOVELOCK CHRISTOPHER
245 _aSERVICES MARKETING PEOPLE TECHNOLOGY STR
260 _c2011
999 _c38230
_d38230